| Tag |
First Indicator |
Second Indicator |
Subfields |
| LEADER |
00000cam a22000008a 4500 |
| 001 |
in00000631721 |
| 005 |
20151015053724.0 |
| 008 |
801125s1981 mauc b 00110 engm |
| 010 |
|
|
|a 80027633
|
| 020 |
|
|
|a 0805773428
|
| 035 |
|
|
|a (OCoLC)07168249
|
| 035 |
|
|
|9 ACU6195AM
|
| 040 |
|
|
|a DLC
|c DLC
|d m.c.
|d TXA
|d UtOrBLW
|
| 049 |
|
|
|a TXAM
|c [386498]
|
| 050 |
0 |
0 |
|a PS3515.E98
|b Z87
|
| 082 |
0 |
|
|a 811/.52
|2 19
|
| 100 |
1 |
|
|a Slavick, William H.
|
| 245 |
1 |
0 |
|a DuBose Heyward /
|c by William H. Slavick.
|
| 263 |
|
|
|a 8107
|
| 264 |
|
1 |
|a Boston :
|b Twayne,
|c 1981.
|
| 300 |
|
|
|a 199 pages :
|b portrait ;
|c 21 cm.
|
| 336 |
|
|
|a text
|b txt
|2 rdacontent
|
| 337 |
|
|
|a unmediated
|b n
|2 rdamedia
|
| 338 |
|
|
|a volume
|b nc
|2 rdacarrier
|
| 490 |
1 |
|
|a Twayne's United States authors series ;
|v TUSAS 392
|
| 500 |
|
|
|a Includes index.
|
| 504 |
|
|
|a Bibliography: pages 189-193.
|
| 600 |
1 |
0 |
|a Heyward, DuBose,
|d 1885-1940
|x Criticism and interpretation.
|
| 830 |
|
0 |
|a Twayne's United States authors series ;
|v TUSAS 392.
|
| 999 |
|
|
|a MARS
|
| 999 |
f |
f |
|s 01af0034-12d6-3874-b0fb-c215d4bed482
|i bf2d2395-9e15-3073-b544-83223aae6e9c
|t 0
|
| 952 |
f |
f |
|p ric
|a Texas A&M University
|b Rellis Campus
|c Joint Library Facility
|d Remote Storage
|t 0
|e PS3515.E98 Z87
|h Library of Congress classification
|i unmediated -- volume
|m A14804092551
|
| 998 |
f |
f |
|a PS3515.E98 Z87
|t 0
|l Remote Storage
|